| 000 | 00677nam a22001817a 4500 | ||
|---|---|---|---|
| 003 | DO-SdBNP | ||
| 005 | 20250120110508.0 | ||
| 008 | 210809b 2019 dr 00| 0 eng d | ||
| 040 |
_aDO-SdBNP _bspa _cBNPHU |
||
| 100 | 1 |
_aSantos, Rafael, _d1968- _943510 |
|
| 245 | 1 | 0 |
_aNociones de políticas contemporáneas : _bcomo se hace política en un país tercermundista / _cRafael Santos ; prólogo: Jaime Francisco Rodríguez. |
| 260 |
_aSanto Domingo : _bSantuario, _c2019. |
||
| 300 |
_a145 p. ; _c23 cm. |
||
| 500 | _aIncluye datos biográficos del autor en las solapas | ||
| 590 | _aInventariado, 2021 /LP | ||
| 700 | 1 |
_aRodríguez, Jaime Francisco, _eprólogo _979440 |
|
| 942 |
_2ddc _cLBS1 |
||
| 999 |
_c50201 _d50201 |
||